Football Players by Wikipedia Descriptions #2 - Statistics

General Stats
  • This quiz has been taken 111 times
  • The average score is 8 of 10
Answer Stats
Description Answer % Correct
"Having formed a formidable attacking trio with Roberto Firmino and Sadio Mané..." Mohamed Salah
99%
"In the 2015–16 Premier League season, he scored in eleven consecutive Premier League matches, breaking Ruud van Nistelrooy's record, and was voted the Premier League Player of the Season and FWA Footballer of the Year as outsiders Leicester won the title." Jamie Vardy
94%
"In his debut Premier League season, ___ broke the record for the most goals scored by a player in a single season, with 36." Erling Haaland
90%
"...joined Paris Saint-Germain (PSG) in 2017 for a transfer worth €222 million, making him the most expensive player ever." Neymar
90%
"...the all-time top scorer for Poland and the fourth overall men's international goalscorer in Europe..." Robert Lewandowski
90%
"...became the youngest French player to score at a World Cup, as well as the second teenager, after Pelé, to score in a World Cup final." Kylian Mbappe
89%
"...made his senior international debut for England in February 2003, aged 17, and is England's youngest-ever goalscorer." Wayne Rooney
87%
"He won the Premier League Golden Boot a record four times, won two FA Cups and two Premier League titles with the club, including one during an unbeaten Invincible season." Thierry Henry
83%
"...scored his first Bundesliga goal in an 8–0 win over Schalke, to become Bayern's youngest goalscorer, aged 17 years and 205 days..." Jamal Musiala
69%
"Nicknamed der Kaiser ("the Emperor"), he is widely regarded as one of the greatest players of all time..." Franz Beckenbauer
48%
No matching quizzes found
Score Distribution
Percent of People with Each Score
Percentile by Number Answered
Your Score History
You have not taken this quiz